| 000 | 02145cam a22005414i 4500 | ||
|---|---|---|---|
| 003 | PE-LiUPU | ||
| 005 | 20250731165505.0 | ||
| 008 | 150623s r 000 0 d | ||
| 020 | _a8876531424 | ||
| 035 | _a(Sirsi) i9788876531422 | ||
| 040 |
_aPE-LiUPU _bspa _cPE-LiUPU _erda |
||
| 049 | _aPRUA | ||
| 082 | 0 | 4 |
_a221.008 _bAB _221 |
| 100 | 1 |
_aNorth, Robert, _d1916-2007, _eautor. |
|
| 245 | 1 | 0 |
_aMedicine in the biblical background: and other essays on the origins of hebrew. _n142 / _cRobert North. |
| 264 | 1 |
_aRoma : _bEditrice Pontificio Istituto Biblico, _c2000. |
|
| 300 |
_a192 páginas : _bilustraciones láms. ; _c24 centímetros |
||
| 336 |
_atext _2rdacontent |
||
| 337 |
_aunmediated _2rdamedia |
||
| 338 |
_avolume _2rdacarrier |
||
| 490 | 0 |
_aAnalecta Bíblica ; _v142 |
|
| 504 | _aIncluye bibliografía. | ||
| 505 | 0 | _aMedicine and healing in the Old Testament Background. -Did ancient israelites have a heart. -How loud was Jesus' voice. -Could Hebrew have been a cultic esperanto?. -Civil authority in Ezra. -The Ezra-era origins of our Bible. | |
| 526 | _aSEG44 | ||
| 526 | _aSEG26 | ||
| 526 | _aP151 | ||
| 526 | _aP150 | ||
| 526 | _aP149 | ||
| 526 | _aP146 | ||
| 526 | _aP145 | ||
| 526 | _aP126 | ||
| 526 | _aP125 | ||
| 526 | _aP92 | ||
| 526 | _aP75 | ||
| 526 | _aP74 | ||
| 526 | _aP27 | ||
| 526 | _aP15 | ||
| 630 |
_aBiblia. _pA.T. _pEsdras _xCrítica, interpretación, etc. |
||
| 630 |
_aBiblia. _pA.T. _pNehemías _xCrítica, interpretación, etc. |
||
| 630 |
_aBiblia. _pA.T. _xLenguaje, estilo. |
||
| 650 | 0 | 4 | _aMedicina en la Biblia. |
| 942 |
_2ddc _cBOOK |
||
| 949 |
_aRC 221.008 AB 142 _wDEWEY _c1 _i47188 _lCCODEBUL1 _mBUL _r0 _sY _tBOOK _u2015-6-24 _xTEOLOGIA _PP35 _0COMPRA _o.CIRCNOTE. No olvidar cambiar la fecha de devolución!!!!!!! _o.STAFF. Colección General |
||
| 994 |
_aC0 _bPEPRU |
||
| 596 | _a1 | ||
| 999 |
_aRC 221.008 AB 142 _wDEWEY _c23737 _i47188 _f2021-11-8 _g6 _lCCODEBUL1 _mBUL _r1 _sY _tBOOK _u2015-6-24 _xTEOLOGIA _PP35 _0COMPRA _o.CIRCNOTE. No olvidar cambiar la fecha de devolución!!!!!!! _o.STAFF. Colección General _d23737 |
||
| 980 |
_81 _gALBERTO SANCHEZ Responsable de Automatización |
||